00493nam a2200145Ia 4500008004100000041000800041082001600049100001700065245004500082260003800127300003200165365001100197999001700208952012200225240624s9999 xx 000 0 und d aeng a658.404 RAD aRAD PARVIZ F aACHIEVING PROJECT MANAGEMENT SUCCESS USI c2014aNew DelhibCengage Learning axiii, : 194 : p. : cm. ; 23 cRSb31 c23308d23308 00104070aIMTNbIMTNcRack 30-Ad2014-10-07eAPg699.00o658.404 RADp23308r2024-06-24 00:00:00t1w2024-06-24yBK